| 000 | 00983nam a2200265 a 4500 | ||
|---|---|---|---|
| 999 |
_c434385 _d434385 |
||
| 003 | BLK | ||
| 005 | 20250613120230.0 | ||
| 008 | 211022b bul|||||r ||||||| ||bul|| | ||
| 020 | _a9786190300793 | ||
| 040 | _aBLK | ||
| 041 |
_aBUL _cBUL |
||
| 080 |
_aАнглийска литература _b821.111 _x-31 _z821.111-31 |
||
| 100 | 1 |
_aДжеймс, Е. Л. _eпърви автор _9324309 |
|
| 139 |
_aДжеймс, Е. Л. _bД 50 |
||
| 245 | 1 | 0 |
_aОсвободен _bроман _cЕ. Л. Джеймс ; прев. Цветана Генчева. |
| 257 | _aGBR | ||
| 260 |
_aСофия _bБард _c2021 _f(София : Алианс принт) |
||
| 300 |
_a720 с. _c21 см |
||
| 380 | _aX | ||
| 500 | _aОриг. загл. Freed / E. L. James. - Е. Л. Джеймс - псевд. на Erika Leonard. | ||
| 852 |
_bП _c821-31/Д 50 Е |
||
| 852 |
_bЦб _aЦб 311542 |
||
| 942 |
_cKNG _n0 _055 _s1 |
||
| 944 |
_aCR _c2021-10-22 _k30531 _lЦветелина Шанова |
||